000 00396nam a22001697a 4500
003 OSt
005 20210916145454.0
008 210916b |||||||| |||| 00| 0 eng d
020 _a0070392358
040 _cHU
082 _26th
_a613PAY
100 _aPAYNE HAHN
_94347
245 _aUnderstanding your Health
260 _aBoston
_bMc Graw Hill
_c613/PAY
300 _a742
942 _2ddc
_cBOOKS
_n0
999 _c4439
_d4439